00891nam a22002537i 4500003000900000005001700009008004100026020001500067040004300082041000800125082002200133100003600155245005500191250001900246264004400265300003700309336002200346337002400368338003300392504008100425546002000506650005400526856005700580EG-GICUC20260121101554.0251231s1983 us b|||fr|||| 001 0 eng d a0023513500 aEG-GiCUCcEG-GiCUCdEG-GiCUCerdabeng aeng04221a341.3bHA . R1 aHartmann, Frederick H.eAuthor.14aThe Relations Of Nations /cFrederick H. Hartmann. aSixth Edition. 1aNew York ;aLondon :bMacmillan,c1954. axxvi, 675 pages :bMaps,c24 cm. 2rda contentatext 2rda mediaaComputer 2rda carrieraOnline Resource aInclude Bibliography: pages 637-660 And Bibliographic references And Index. aText in English14aInternational RelationsxPublic international law40uhttps://fll.law.cu.edu.eg/fulltext/bks/B11-06734.pdf